[Event "Werther Schloss op-C 13rd"]
[Site "Werther"]
[Date "2007.04.01"]
[Round "4"]
[White "Kamal, Mustafa"]
[Black "Rieger, Mario"]
[Result "0-1"]
[WhiteElo "1543"]
[BlackElo "1684"]
[PlyCount "98"]
[EventDate "2007.03.31"]
[EventType "swiss"]
[EventRounds "5"]
[EventCountry "GER"]
[SourceTitle "EXT 2008"]
[Source "ChessBase"]
[SourceDate "2007.11.25"]
[SourceVersion "1"]
[SourceVersionDate "2007.11.25"]
[SourceQuality "1"]

1. e4 c6 2. d4 d5 3. e5 Bf5 4. Nf3 e6 5. Be2 Nd7 6. 0-0 c5 7. c3 Ne7 8. Bg5 Qb6 9. b3 cxd4 10. cxd4 Nc6 11. Re1 Bb4 12. Rf1 0-0 13. a3 Be7 14. Be3 Rac8 15. Nbd2 Rc7 16. Re1 Rfc8 17. Nf1 Na5 18. b4 Nc4 19. Ng3 Nxe3 20. fxe3 Bg6 21. Bf1 Rc2 22. h3 R8c3 23. Re2 Qc7 24. Rxc2 Rxc2 25. Bd3 Bxd3 26. Qxd3 Qc4 27. Qd1 Qc3 28. Nf1 Nb6 29. Kh1 Nc4 30. N3h2 Qb2 31. Rb1 Qc3 32. Ra1 h5 33. Qxh5 Qxa1 34. Qf3 Nd2 35. Qf4 Nxf1 36. Nxf1 Rc1 37. Kg1 Qxa3 38. e4 Bxb4 39. exd5 exd5 40. Qg5 Be7 41. Qf4 Qa1 42. g3 Rxf1+ 43. Qxf1 Qxf1+ 44. Kxf1 a5 45. Ke2 b5 46. Kd3 b4 47. Kc2 a4 48. Kb2 Bg5 49. g4 Be3 0-1

[Event "Werther Schloss op-C 13rd"]
[Site "Werther"]
[Date "2007.03.31"]
[Round "3"]
[White "Tannebaum, Guenter"]
[Black "Kamal, Mustafa"]
[Result "0-1"]
[WhiteElo "1658"]
[BlackElo "1543"]
[PlyCount "78"]
[EventDate "2007.03.31"]
[EventType "swiss"]
[EventRounds "5"]
[EventCountry "GER"]
[SourceTitle "EXT 2008"]
[Source "ChessBase"]
[SourceDate "2007.11.25"]
[SourceVersion "1"]
[SourceVersionDate "2007.11.25"]
[SourceQuality "1"]

1. d4 g6 2. Nf3 Bg7 3. c4 Nf6 4. Nc3 0-0 5. e4 d6 6. Be2 Nbd7 7. 0-0 e5 8. d5 Nc5 9. Qc2 Ne8 10. b4 Na6 11. a3 f5 12. Bg5 Qd7 13. Bc1 Nf6 14. Nd2 f4 15. f3 Qe7 16. Nb3 b6 17. Bd2 Rf7 18. Be1 Bh6 19. Bf2 g5 20. Na2 Nb8 21. c5 Nbd7 22. cxd6 cxd6 23. Nd2 Nf8 24. b5 Rg7 25. Nb4 g4 26. fxg4 Bxg4 27. Nf3 Nh5 28. a4 Qf7 29. Ra3 Ng6 30. Rc3 Kh8 31. Na6 Rag8 32. Rc7 Ne7 33. Bh4 Nf6 34. Be1 Qg6 35. Rc3 Bg5 36. Nxg5 Qxg5 37. Rcf3 h5 38. R1f2 Qg6 39. Rc3 Nxe4 0-1